|
|
|
|
| LEADER |
00000nam0a2200000 4500 |
| 001 |
365941 |
| 005 |
20231102011831.0 |
| 035 |
|
|
|a (RuTPU)RU\TPU\retro\23304
|
| 090 |
|
|
|a 365941
|
| 100 |
|
|
|a 20220126d1956 m y0rusy50 ca
|
| 101 |
0 |
|
|a rus
|
| 102 |
|
|
|a RU
|
| 105 |
|
|
|a a z 000zy
|
| 200 |
1 |
|
|a Иван Иванович Голиков
|f авт. текста А. Н. Рейнсон-Правдин
|
| 210 |
|
|
|a Москва
|c Советский художник
|d 1956
|
| 215 |
|
|
|a 51 с.
|c ил.
|
| 600 |
|
1 |
|a Голиков
|b И. И.
|g Иван Иванович
|c российский мастер декоративного искусства
|f 1886/87-1937
|c заслуженный деятель искусств России
|c палехский художник
|2 stltpush
|3 (RuTPU)RU\TPU\pers\12166
|
| 606 |
1 |
|
|a Палех
|2 stltpush
|3 (RuTPU)RU\TPU\subj\48037
|9 66919
|
| 610 |
1 |
|
|a палехская миниатюра
|
| 610 |
1 |
|
|a палехские художники
|
| 610 |
1 |
|
|a лаковые миниатюры
|
| 675 |
|
|
|a 745.51
|v 4
|
| 702 |
|
1 |
|a Рейнсон-Правдин
|b А. Н.
|4 080
|
| 801 |
|
1 |
|a RU
|b 63413507
|c 20220126
|
| 801 |
|
2 |
|a RU
|b 63413507
|c 20230309
|g RCR
|
| 942 |
|
|
|c BK
|